Psicología evolutiva: 10 años
Uloženo v:
| Hlavní autoři: | , |
|---|---|
| Médium: | Kniha |
| Jazyk: | španělština |
| Vydáno: |
Barcelona
CEAC
1981
|
| Edice: | Biblioteca de psicología evolutiva
|
| Témata: | |
| Tagy: |
Přidat tag
Žádné tagy, Buďte první, kdo vytvoří štítek k tomuto záznamu!
|
MARC
| LEADER | 00000nam a2200000 a 4500 | ||
|---|---|---|---|
| 001 | UCY6101 | ||
| 003 | CL-VaPUC | ||
| 008 | 950521e19810000SP |||||||||||||||||spa|d | ||
| 082 | 0 | 4 | |a 155.424 |b SEC |2 21 |
| 100 | 0 | |a Secadas Marcos, Francisco |e author |9 335768 | |
| 700 | 0 | |a Román Sánchez, José María |e author |9 335769 | |
| 245 | 1 | 0 | |a Psicología evolutiva: 10 años |
| 300 | |a 222 p | ||
| 942 | |c BK | ||
| 945 | |d 19950521 00:00:00 |a mfernand | ||
| 260 | |a Barcelona |b CEAC |c 1981 | ||
| 650 | 0 | |a Psicología del niño |9 307305 | |
| 650 | 0 | |a Psicología del desarrollo |9 307541 | |
| 650 | 0 | |a Pubertad |9 335756 | |
| 650 | 7 | |a JUEGO |2 CL-VaPUC |9 311404 | |
| 650 | 0 | |a Inteligencia |9 267038 | |
| 650 | 0 | |a Relaciones interpersonales |9 307056 | |
| 650 | 7 | |a RELACIONES PADRES-HIJOS |2 CL-VaPUC |9 308185 | |
| 650 | 7 | |a RELACION ESCUELA ALUMNO |2 CL-VaPUC |9 334718 | |
| 650 | 0 | |a Comportamiento sexual |9 334955 | |
| 650 | 7 | |a MASTURBACION |2 CL-VaPUC |9 320728 | |
| 650 | 0 | |a Emociones |9 265224 | |
| 583 | |a last modification |c 19950521 00:00:00 |k Rodrigo Vera | ||
| 490 | 0 | |a Biblioteca de psicología evolutiva | |
| 999 | |c 233684 |d 233682 | ||
| 952 | |0 0 |1 0 |4 0 |6 155_424000000000000_SEC_1981 |7 0 |8 P |9 239368 |a BIBEDU |b BIBEDU |c BIBEDU_PB |d 2019-11-18 |i 1508180 |o 155.424 SEC 1981 |p 1508180 |r 2024-01-25 |w 2019-11-18 |y BK |k EDU | ||
| 952 | |0 0 |1 0 |4 0 |6 155_424000000000000_SEC_1981 |7 0 |8 P |9 239369 |a BIBEDU |b BIBEDU |c BIBEDU_PB |d 2019-11-18 |i 1508199 |o 155.424 SEC 1981 |p 1508199 |r 2024-01-25 |w 2019-11-18 |y BK |k EDU | ||